000
00298nam a2200121Ia 4500
008
180117s9999 xx 000 0 und d
100
_a
by Zac b. Sarian
245
_a
Agri-Talk
260
_c
2017
300
_a
29 pages, 2017 September 24
440
_a
Philippine Panorama
650
_a
AGRICULTURE
999
_c
353292
_d
353292